Statistiques concernant Prénoms de stars - Série 09

Cliquez ici pour prendre le quiz!

Statistiques générales

  • Ce quiz a été pris 143 fois
  • Le résultat moyen est 8 sur 10

Statistiques - réponses

Nom Prénom % Correct
HanksTom
98%
De NiroRobert
96%
WillisBruce
93%
CageNicolas
88%
GibsonMel
84%
StalloneSylvester
81%
BurtonTim
80%
AllenWoody
79%
ScorseseMartin
74%
L. JacksonSamuel
70%

Distribution des résultats

Percentile par nombre de réponses

% des personnes avec chaque résultat

Votre développement - résultats

Vous n’avez pas pris ce quiz